study guide for advanced consolidated accounts monograph (Record no. 18875)
[ view plain ]
| 000 -LEADER | |
|---|---|
| fixed length control field | 00293nam a22000977a 4500 |
| 082 ## - DEWEY DECIMAL CLASSIFICATION NUMBER | |
| Classification number | 05657.3PUM |
| 100 ## - MAIN ENTRY--PERSONAL NAME | |
| Personal name | FUMBUKA A,L G |
| 245 ## - TITLE STATEMENT | |
| Title | study guide for advanced consolidated accounts monograph |
| 260 ## - PUBLICATION, DISTRIBUTION, ETC. | |
| Place of publication, distribution, etc. | Dar es salaam |
| Name of publisher, distributor, etc. | national board of accountants and auditors Tanzania |
| Date of publication, distribution, etc. | 1989 |
| 942 ## - ADDED ENTRY ELEMENTS (KOHA) | |
| Koha item type | Books |
No items available.
